00000000cam 2200000za 4500
0019.840455
003CaOODSP
00520260320115055
007cr |||||||||||
008170726s2017    quca    o    f000 0 fre d
040 |aCaOODSP|bfre
041 |afre|geng
043 |an-cn---
0861 |aP29-012-001-2017F-PDF
24500|aVitrage de sécurité |h[ressource électronique].
250 |a[Édition de février 2017].
260 |aGatineau : |bOffice des normes générales du Canada : |bConseil canadien des normes, |c2017.
300 |aiii, 33 p. : |bill.
4901 |aNorme nationale du Canada ; |vno 12.1-2017
500 |a« Février 2017. »
500 |a« Expérience et excellence » -- Couv.
500 |aRemplace CAN/CGSB-12.1-M90.
500 |aPubl. aussi en anglais sous le titre : Safety glazing.
500 |aComprend un rectificatif, no 1, Mars 2017.
520 |a« La présente Norme nationale du Canada s’applique aux produits verriers qui ont été soumis aux méthodes d’essai décrites ci-après. Ces méthodes d’essai visent à évaluer les caractéristiques de rendement minimal conçues pour réduire le risque de blessures, comme des coupures ou des perforations, résultant du bris de produits verriers utilisés dans des zones d’activité humaine (voir annexe A) dans un bâtiment ou dans des applications architecturales. » -- Objet.
546 |aNorme en français seulement, rectificatif en anglais et en français.
69207|2gccst|aVerre
69207|2gccst|aNorme de sécurité
69207|2gccst|aNorme
7102 |aConseil canadien des normes.
7102 |aOffice des normes générales du Canada.
77508|tSafety glazing |w(CaOODSP)9.840450
794 |tVitrage de sécurité.|b[Édition de février 2022]|w(CaOODSP)9.907968
830#0|aNorme nationale du Canada ;|vno 12.1-2017.|w(CaOODSP)9.504227
85640|qPDF|s1.74 Mo|uhttps://publications.gc.ca/collections/collection_2017/ongc-cgsb/P29-012-001-2017-fra.pdf
85640|qPDF|s17 Ko|uhttps://publications.gc.ca/collections/collection_2017/ongc-cgsb/P29-012-001-2017-1.pdf
986 |aICS 81.040.20